000
00255nam a22000977a 4500
082
_a
030 COL'H
100
_a
HALSEY, WILLIAM D
_9
57335
245
_a
COLLIER'S ENCYCLOPEDIA WITH BIBLOGRAPHY AND INDEX VOLUME - 9
260
_a
USA
_b
COLLIER
_c
1965
942
_c
BK
999
_c
567627
_d
567627